000 01329nam a2200337 a 4500
001 000113713
003 CHAP
005 20220329144409.0
008 170911s2017 mx sm |||||||spa d
010 _a110174
011 _a111146
040 _cCHAP
090 _aTesis
100 1 _aGarcía Clemente, Jokebed Ittai
_9133287
245 1 0 _aCompendio metodológico para la evaluación de la cartografía con imágenes digitales y su aplicación
_h[En línea]
_cpor Jokebed Ittai García Clemente.
260 _aChapingo, Méx. :
_bEl autor,
_c2017.
500 _aPara ver el contenido del material haga clic en la liga
502 _aTesis (Ing. en Recursos Naturales Renovables) -- UACH. Departamento de Suelos
590 _aE11695DGD
_b10
_c20170912
_lUCH01
_h1453
590 _aE11695DGD
_b20
_c20170912
_lUCH01
_h1447
590 _aE6339RRR
_b05
_c20170911
_lUCH01
_h1417
590 _aE6339RRR
_b05
_c20170911
_lUCH01
_h1418
590 _aE6339RRR
_b05
_c20170911
_lUCH01
_h1419
650 1 4 _aCartografía
_xProcesamietno automático de datos.
_9133288
650 1 4 _aCartografía
_zNevado de Toluca, Méx.
_9133289
650 1 4 _aVida silvestre
_zNevado de Toluca, Méx.
_xPreservación.
_9133290
856 _aFinding aid
_uhttp://10.13.5.2/tesis/sist113713.pdf
_zTeclea aquí
901 _aBK
942 _cTESIS
942 _n0
999 _c110174
_d110174